000 00485nam a2200193Ia 4500
005 20240718105059.0
008 131103s9999 xx 000 0 und d
020 _cRs.3.10
040 _aLoreto College
041 _aEnglish
082 _a821
_bHIG
245 _aHigher secondary english selections
_b poetry & drama
260 _aCalcutta
_bW.B.C.H.S.E
_c1981
300 _a144p.
650 _aEnglish poetry
651 _aEnglish literature
850 _aLCBED
942 _cBK
999 _c29586
_d80065